Home Print Resources E-Books E-Journals IIMT Lecture Series Library Membership Form Book Recommendation Form Campus Tour Take AdmissionAbout Us Contact Us

COMPUTER APPLICATIONS FOR ENGINEERING (Record no. 44125)

000 -LEADER
fixed length control field nam a22 7a 4500
003 - CONTROL NUMBER IDENTIFIER
control field OSt
005 - DATE AND TIME OF LATEST TRANSACTION
control field 20180503121424.0
008 - FIXED-LENGTH DATA ELEMENTS--GENERAL INFORMATION
fixed length control field 180503b xxu||||| |||| 00| 0 eng d
040 ## - CATALOGING SOURCE
Transcribing agency IIMT UNIVERSITY, LIBRARY
050 ## - LIBRARY OF CONGRESS CALL NUMBER
Item number 306
082 ## - DEWEY DECIMAL CLASSIFICATION NUMBER
Edition number 1ST
100 ## - MAIN ENTRY--PERSONAL NAME
Personal name DR. SONKER D
245 ## - TITLE STATEMENT
Title COMPUTER APPLICATIONS FOR ENGINEERING
250 ## - EDITION STATEMENT
Edition statement 1ST
260 ## - PUBLICATION, DISTRIBUTION, ETC.
Place of publication, distribution, etc. DELHI
Name of publisher, distributor, etc. VAYU
Date of publication, distribution, etc. 2013
300 ## - PHYSICAL DESCRIPTION
Other physical details 1ST ED.306 P P.
760 ## - MAIN SERIES ENTRY
Edition 1ST ED.
856 ## - ELECTRONIC LOCATION AND ACCESS
Materials specified PAPERBACK
887 ## - NON-MARC INFORMATION FIELD
Source of data ACCESSION REGISTER
942 ## - ADDED ENTRY ELEMENTS (KOHA)
Source of classification or shelving scheme
Koha item type Text-Book- for 7 days
Edition 1ST
Classification part TITLE
Item part BOOK
Holdings
Withdrawn status Lost status Source of classification or shelving scheme Materials specified (bound volume or other part) Damaged status Not for loan Home library Current library Date acquired Source of acquisition Coded location qualifier Cost, normal purchase price Inventory number Total Checkouts Full call number Barcode Date last seen Copy number Uniform Resource Identifier Cost, replacement price Price effective from Koha item type Public note
      PAPER BACK     IIMT College of Architecture IIMT College of Architecture 05/03/2018 TRANSFER UNIVERSITY LIBRARY ARCHITECTU 240.00 TRANSFER UNIVERSITY LIBRARY   004.125SON 24-B-306 05/03/2018 R ARCHITECTURE 240.00 04/30/2018 Text-Book- for 7 days COMPUTERS
IIMT, Central Library. All Rights Reserved IIMT,UNIVERSITY © 2023
Implemented and Customised by I CLOUDE EMS
You Are OPAC Visitor No
free web counter

Powered by Koha